| 000 | 00499nam a2200157 4500 | ||
|---|---|---|---|
| 999 |
_c6864 _d6864 |
||
| 008 | 170509b xxu||||| |||| 00| 0 eng d | ||
| 022 | _a0119-9000 | ||
| 082 | _aDPer 641.505 C77 Jan-June 2013 v.13-14 | ||
| 100 |
_920771 _aAnonas, Alessandra. |
||
| 245 |
_aKeep calm and just sip/ _cAlessandra Anonas. |
||
| 260 |
_aPhilippines: _bUBM Medica, _c©Jan-June 2013. |
||
| 300 |
_av14 n2, pages 14-17: _billustrations; _c29 cm. |
||
| 500 | _aCook. | ||
| 650 | 0 |
_920772 _aBeverages |
|
| 942 |
_2ddc _cPER |
||